Ringway Infrastructure Services Ltd v Vauxhall Motors Ltd No 2 (Record no. 79654)

MARC details
000 -LEADER
fixed length control field 02073cad a22002175a 4500
001 - CONTROL NUMBER
control field L141911
008 - FIXED-LENGTH DATA ELEMENTS--GENERAL INFORMATION
fixed length control field 080114e20071030xxk f v 000 0 eng d
035 ## - SYSTEM CONTROL NUMBER
System control number (Sirsi) u141911
041 0# - LANGUAGE CODE
Language code of text/sound track or separate title eng
245 00 - TITLE STATEMENT
Title Ringway Infrastructure Services Ltd v Vauxhall Motors Ltd No 2
Medium [electronic resource]
260 ## - PUBLICATION, DISTRIBUTION, ETC.
Date of publication, distribution, etc. 2007
520 ## - SUMMARY, ETC.
Summary, etc. [2007] EWHC 2507 (TCC), 30 October 2007. The claimant contractor (R) was employed by the defendant (V) to carry out various works in connection with a vehicle distribution centre. R had referred a dispute to adjudication after V had not responded to its final application for interim payment, and the adjudicator had ordered V to pay R £1 303 704.95 plus VAT and interest together with his fees and expenses. V claimed the adjudicator lacked jurisdiction, but the court determined the adjudicator had had jurisdiction and that R was contractually entitled to the net sum claimed in the absence of a notice from V ([2007] EWHC 2421 (TCC)). R then submitted that the adjudicator had awarded interest from a later date and that the court had a discretion under the Supreme Court Act 1981 s35A to make an additional award of interest from the earlier date. V submitted that R's claim was for the enforcement of the adjudicator's decision and this should be complied with. "Held": the cause of action to enforce an adjudicator's award was contractual and the date when that cause of action arose was the date when V failed to honour the adjudicator's decision. Judgment accordingly.
590 ## - LOCAL NOTE (RLIN)
Local note KA
650 24 - SUBJECT ADDED ENTRY--TOPICAL TERM
Topical term or geographic name entry element RINGWAY INFRASTRUCTURE SERVICES LTD V VAUXHALL MOTORS LTD NO 2
650 24 - SUBJECT ADDED ENTRY--TOPICAL TERM
Topical term or geographic name entry element SUPREME COURT ACT 1981 S35A(1)
650 24 - SUBJECT ADDED ENTRY--TOPICAL TERM
Topical term or geographic name entry element JCT STANDARD FORM OF BUILDING CONTRACT WITH CONTRACTORS DESIGN (1998 EDITION)
651 #4 - SUBJECT ADDED ENTRY--GEOGRAPHIC NAME
Geographic name England and Wales
Chronological subdivision 1543-
690 ## - LOCAL SUBJECT ADDED ENTRY--TOPICAL TERM (OCLC, RLIN)
Topical term or geographic name as entry element MANAGEMENT-DISPUTE AVOIDANCE, MANAGEMENT AND RESOLUTION-DISPUTE MANAGEMENT AND RESOLUTION-ALTERNATIVE DISPUTE RESOLUTION-ADJUDICATION
856 40 - ELECTRONIC LOCATION AND ACCESS
Uniform Resource Identifier <a href="https://www.bailii.org/ew/cases/EWHC/TCC/2007/2507.html">https://www.bailii.org/ew/cases/EWHC/TCC/2007/2507.html</a>
Public note View the judgment free of charge at www.bailii.org...
942 ## - ADDED ENTRY ELEMENTS (KOHA)
Suppress in OPAC 0
Holdings
Withdrawn status Lost status Source of classification or shelving scheme Damaged status Not for loan Home library Current library Shelving location Date acquired Total Checkouts Full call number Barcode Date last seen Copy number Price effective from Koha item type
    Dewey Decimal Classification     Virtual Virtual Online 14/01/2008   ONLINE PUBLICATION 141911-2001 06/08/2019 1 06/08/2019 Law report